[Event "KAZ-ch U18 Girls"]
[Site "Ak Bulak"]
[Date "2022.03.24"]
[Round "6"]
[White "Shakenova, Indira"]
[Black "Lesbekova, Asel"]
[Result "0-1"]
[WhiteElo "1295"]
[BlackElo "1739"]
[PlyCount "58"]
[EventDate "2022.03.20"]
[EventType "swiss"]
[EventRounds "8"]
[EventCountry "KAZ"]
[SourceTitle "EXT 2023"]
[Source "ChessBase"]
[SourceDate "2022.10.05"]
[SourceVersion "1"]
[SourceVersionDate "2022.10.05"]
[SourceQuality "1"]

1. Nf3 f5 2. c4 d6 3. d4 Nf6 4. g3 g6 5. b3 Bg7 6. Bb2 0-0 7. Bg2 Qe8 8. 0-0 h6 9. Nbd2 c6 10. Re1 g5 11. e4 f4 12. gxf4 gxf4 13. e5 dxe5 14. Nxe5 Nbd7 15. Ndf3 Nh7 16. Qe2 Nxe5 17. Nxe5 Ng5 18. f3 Bh3 19. Nd3 Qh5 20. Rf1 Rf5 21. Nf2 Bxg2 22. Kxg2 Kh8 23. Qd3 Rg8 24. Ng4 Nh3 25. Kh1 Rg5 26. Rae1 Qh4 27. Re2 h5 28. Rxe7 hxg4 29. Qe2 g3 0-1